|
|
|
|
| LEADER |
00000nam a22000007a 4500 |
| 005 |
2018032701091.0 |
| 007 |
cr|||| |||| |
| 008 |
180327s2012 mx |||||s|||| 00||0 spa d |
| 020 |
|
|
|a 978-607-8156-11-5
|
| 035 |
|
|
|a 21156
|
| 040 |
|
|
|a vLex
|
| 090 |
|
|
|c 7558
|d 7558
|
| 245 |
0 |
0 |
|a Mx̌ico a travš de sus Constituciones 1812-1917
|h [Recurso electrn̤ico] /
|
| 250 |
|
|
|a Segunda edicin̤
|
| 256 |
|
|
|a Servicio en ln̕ea
|
| 260 |
|
|
|a Veracruz:
|b Universidad de Xalapa,
|c 2012
|
| 300 |
|
|
|a 1 recurso electrn̤ico (109 p.)
|
| 506 |
1 |
|
|a Disponible solo en los productos indicados
|d vLex Global
|d vLex Global (Academic Edition, excluding Law Schools)
|d vLex Global (U.S. Academic Edition, Law Schools)
|d vLex Global (U.S. Academic Edition, excluding Law Schools)
|d vLex Global (Academic Edition, Law Schools)
|
| 650 |
0 |
4 |
|a Derecho Constitucional
|z Mx̌ico
|
| 740 |
0 |
|
|a vLex Libros (Servicio en ln̕ea)
|
| 856 |
4 |
0 |
|u http://vlex.com/source/mexico-constituciones-1812-1917-21156
|z Acceso restringido
|
| 942 |
|
|
|c BOOK
|
| 999 |
0 |
|
|a Constitutional right
|